Caricamento...
The Lexicography of English : from origins to present
| Autore principale: | |
|---|---|
| Natura: | Printed Book |
| Pubblicazione: |
Oxford
Oxford Uty Press
2010
|
| LEADER | 00427nam a22001217a 4500 | ||
|---|---|---|---|
| 999 | |c 273275 |d 273275 | ||
| 020 | |a 9780198299677 | ||
| 082 | |a 423.028 BEJ(TB) | ||
| 100 | |a Bejoint,Henri | ||
| 245 | |a The Lexicography of English : from origins to present | ||
| 260 | |a Oxford |b Oxford Uty Press |c 2010 | ||
| 942 | |c BK | ||
| 952 | |0 0 |1 0 |4 0 |6 423_028000000000000_BEJTB |7 0 |9 290484 |a ENG |b ENG |d 2020-02-18 |l 0 |o 423.028 BEJ(TB) |p ENG14905 |r 2020-02-18 |w 2020-02-18 |y TB | ||